| 000 | 00324cam a22001097a 4500 | ||
|---|---|---|---|
| 008 | 180718b1978 xxu||||| |||| 00| 0 eng d | ||
| 082 | _aA75 R137SI | ||
| 100 | _aAgarwal, B.D. | ||
| 245 |
_aRajasthan district gazetteers: Sikar _cby B.D. Agarwal |
||
| 260 |
_aJaipur _bDirectorate of District Gazetteers _c1978 |
||
| 300 | _a479+p. | ||
| 999 |
_c487182 _d487182 |
||